000 01419nam0a2200349 4500
001 RU\NLR\bibl\479080
005 20260405134910.0
010 _a5-94848-157-3
_910000
021 _aRU
_b2003-59372
_92904
035 _a(NLR Aleph) 000472031
090 _a999792
_c999792
100 _a20040113d2003 |||y0rusy50 ca
101 0 _arus
102 _aRU
105 _aa |||||||||
200 1 _aУкраинская кухня
_fАнтонова М.А., Антонов С.В.
210 _aМ.
_cОЛМА-Пресс Инвест
_d2003
215 _a28, [1] с.
_cцв. ил.
_d21
225 1 _aПриготовлено со вкусом
300 _aНа обл. авт. не указаны
606 0 _aУкраинская кухня
_92101095
_3RU\NLR\auth\661270714
606 0 _aКулинарное производство
_xУкраинская кухня
_91454993
_3RU\NLR\auth\66616807
686 _aЛ997(2)Украинская
700 1 _4070
_8rus
_7ca
_aАнтонова
_bМ. А.
_cпопуляризатор
_gМария Андреевна
_3RU\NLR\auth\7755365
_938297
701 1 _4070
_8rus
_7ca
_aАнтонов
_bС. В.
_cпопуляризатор
_gСергей Владимирович
_3RU\NLR\auth\7755368
_938300
801 0 _aRU
_bNLR
_c20040113
_gPSBO
801 1 _aRU
_bNLR
_c20040113
830 _aАвт. по кн.
942 _cBOOK
980 _aNB